WWE superstars nicknames quiz - Statistics

General Stats
  • This quiz has been taken 253 times
    244 since last reset
  • The average score is 21 of 27
Answer Stats
Nickname Wrestler % Correct
The game Triple h
100%
The big red machine Kane
94%
The Celtic warrior Sheamus
94%
The phenomenal Aj styles
91%
The people's champion The rock
91%
The animal Batista
90%
The beast incarnate Brock lesnar
89%
The viper Randy orton
89%
The Deadman Undertaker
89%
The world's biggest athlete Big show
88%
The Texas rattle snake Stone cold Steve Austin
85%
The strongest man in the world Mark henry
84%
The big dog Roman reigns
84%
The 8th wonder of the world Andre the giant
83%
The 8th wonder of the world Andre the giant
83%
The lunatic french Dean ambrose
79%
Dude love Mick foley
75%
Big daddy cool Diesel
74%
The immortal Hulk hogan
71%
The monster among men Braun strowman
70%
The charismatic enigma Jeff hardy
70%
The showstopper Shawn Michaels
70%
The eater of worlds Bray wyatt
65%
The beast slayer Seth Rollins
65%
The 9th wonder of the world Chyna
56%
Big poppa pump Scott steiner
51%
The icon Goldberg
11%
No matching quizzes found
Score Distribution
Percent of People with Each Score
Percentile by Number Answered
Your Score History
You have not taken this quiz since the last reset